000 00397 a2200145 4500
005 20250624103358.0
020 _a0333-93920-4
082 _a658.4034SHA
100 _aSHARMA. J. K.
245 _aOperations Research: Theory and Applications
250 _a2nd Ed.
260 _aNew Delhi,
_bBERI. R,
_c2003.
300 _axxiv, 1106p,; ill, figure & table
_bAppendix & Index
_c24cm
942 _2ddc
_cBKS
999 _c4816
_d4816